Witamy w Bibliotece Naukowej Instytutu Łączności!

Proverka statisticeskich gipotez / (Rekord nr 9404)

000 -LEADER
fixed length control field 00240 a2200085 4500
245 0# - TITLE STATEMENT
Title Proverka statisticeskich gipotez /
Statement of responsibility, etc Prochorova Ju.V..
250 ## - EDITION STATEMENT
Edition statement Izd.2 ispr..
260 ## - PUBLICATION, DISTRIBUTION, ETC. (IMPRINT)
Place of publication, distribution, etc Moskva :
Name of publisher, distributor, etc Nauka,
Date of publication, distribution, etc 1979.
300 ## - PHYSICAL DESCRIPTION
Extent 408 s.;
Dimensions 24 cm.
710 2# - ADDED ENTRY--CORPORATE NAME
Corporate name or jurisdiction name as entry element Nauka.
Relator term Wydawca
Relator code pbl

Brak dostępnych egzemplarzy.

Działa dzięki Koha